Estadística / (Registro nro. 63105)

Detalles MARC
000 -LEADER
campo de control de longitud fija 01816cam a22004094i 4500
003 - IDENTIFICADOR DE NÚMERO DE CONTROL
campo de control PE-LiUPU
005 - FECHA Y HORA DE LA ÚLTIMA TRANSACCIÓN
campo de control 20251010105333.0
008 - DATOS DE LONGITUD FIJA--INFORMACIÓN GENERAL
campo de control de longitud fija 2005s2020 mx ||||| |||| 000 0 spa d
020 ## - NÚMERO INTERNACIONAL ESTÁNDAR DEL LIBRO
Número Internacional Estándar del Libro 9786071514639
Información calificativa (pasta blanda)
035 ## - NÚMERO DE CONTROL DEL SISTEMA
Número de control de sistema PE-LiUPU000020
040 ## - FUENTE DE CATALOGACIÓN
Centro catalogador/agencia de origen PE-LiUPU
Lengua de catalogación spa
Centro/agencia transcriptor PE-LiUPU
Normas de descripción rda
041 0# - CÓDIGO DE IDIOMA
Código de lengua del texto/banda sonora o título independiente spa
Código de lengua original eng
082 04 - NÚMERO DE LA CLASIFICACIÓN DECIMAL DEWEY
Número de clasificación 519.5
Cutter S755e
Número de edición 23
100 ## - ENTRADA PRINCIPAL--NOMBRE DE PERSONA
Nombre de persona Spiegel, Murray R.,
Fechas asociadas al nombre 1923-1991,
Término indicativo de función/relación autor.
9 (RLIN) 7140
245 10 - MENCIÓN DEL TÍTULO
Título Estadística /
Mención de responsabilidad, etc. por Murray R. Spiegel y Larry J. Stephens.
250 ## - MENCION DE EDICION
Mención de edición Sexta edición.
264 #1 - PRODUCCIÓN, PUBLICACIÓN, DISTRIBUCIÓN, FABRICACIÓN Y COPYRIGHT
Producción, publicación, distribución, fabricación y copyright Ciudad de México :
Nombre del de productor, editor, distribuidor, fabricante McGraw-Hill Interamericana Editores,
Fecha de producción, publicación, distribución, fabricación o copyright 2020.
300 ## - DESCRIPCIÓN FÍSICA
Extensión 579 páginas aproximadamente :
Otras características físicas ilustraciones, gráficos ;
Dimensiones 26 cm.
336 ## - TIPO DE CONTENIDO
Término de tipo de contenido texto
Fuente rdacontent
337 ## - TIPO DE MEDIO
Nombre/término del tipo de medio sin mediación
Fuente rdamedia
338 ## - TIPO DE SOPORTE
Nombre/término del tipo de soporte volumen
Fuente rdacarrier
490 1# - MENCIÓN DE SERIE
Mención de serie Serie Schaum
500 ## - NOTA GENERAL
Nota general Traducción de: *Schaum’s outline of statistics*, 6th ed.
504 ## - NOTA DE BIBLIOGRAFÍA, ETC.
Nota de bibliografía, etc. Incluye ejercicios resueltos, problemas propuestos, y videos en línea.
520 ## - RESUMEN, ETC.
Sumario, etc. Guía de estadística matemática que cubre desde conceptos básicos hasta análisis de varianza y control estadístico de procesos. Incluye 508 problemas resueltos, teoría explicada paso a paso, ejercicios y videos.
650 #0 - PUNTO DE ACCESO ADICIONAL DE MATERIA--TÉRMINO DE MATERIA
Término de materia o nombre geográfico como elemento de entrada Estadística matemática
9 (RLIN) 1317
650 #0 - PUNTO DE ACCESO ADICIONAL DE MATERIA--TÉRMINO DE MATERIA
Término de materia o nombre geográfico como elemento de entrada Probabilidad.
9 (RLIN) 7141
650 #0 - PUNTO DE ACCESO ADICIONAL DE MATERIA--TÉRMINO DE MATERIA
Término de materia o nombre geográfico como elemento de entrada Métodos cuantitativos.
9 (RLIN) 7142
700 ## - ENTRADA AGREGADA--NOMBRE PERSONAL
Nombre de persona Stephens, Larry J.,
Término indicativo de función/relación autor.
9 (RLIN) 7143
700 ## - ENTRADA AGREGADA--NOMBRE PERSONAL
Nombre de persona Murrieta Murrieta, Jesús Elmer,
Término indicativo de función/relación traductor.
9 (RLIN) 7144
700 ## - ENTRADA AGREGADA--NOMBRE PERSONAL
Nombre de persona Meza Alcántara, David,
Término indicativo de función/relación revisor.
9 (RLIN) 7145
830 #0 - PUNTO DE ACCESO ADICIONAL DE SERIE-TÍTULO UNIFORME
Título uniforme Serie Schaum.
856 40 - LOCALIZACIÓN Y ACCESO ELECTRÓNICOS
Identificador Uniforme de Recursos <a href="https://www.mheducation.com.mx">https://www.mheducation.com.mx</a>
Nota pública Sitio web de la editorial.
942 ## - ELEMENTOS DE ENTRADA SECUNDARIOS (KOHA)
Fuente del sistema de clasificación o colocación Clasificación Decimal Dewey
Tipo de ítem Koha Libros físicos
980 ## - EQUIVALENCIA O REFERENCIA-CRUZADA-MENCIÓN DE SERIE--NOMBRE DE PERSONA/TÍTULO [LOCAL, CANADÁ]
ID del usuario creador del registro 21515
Nombre del creador del registro ROMINA COBOS Adquisiciones
ID del último usuario que modificó el registro 18226
Nombre del último usuario que modificó el registro Jaime Vilcazán Jefe de Análisis Documental
Existencias
Visto por última vez Total de préstamos Signatura topográfica completa Código de barras Copia número Coste, precio de reemplazo Fecha de reemplazo Facultad Tipo de ítem Koha Estado de pérdida Fuente del sistema de clasificación o colocación Restricciones de uso No para préstamo Colección Programa académico Biblioteca de origen Biblioteca actual Ubicación en estantería Fecha de adquisición Fuente de adquisición Coste, precio normal de compra
2025-12-02   519.5 S755e 82814 e1 110.00 2025-10-09 FIA Libros físicos No Perdido Clasificación Decimal Dewey No restringido Disponible para préstamos Colección General Arquitectura Biblioteca CRAI UPeU Lima Biblioteca CRAI UPeU Lima Sala principal 2025-10-09 COMPRA 105.00